000 00757cam a22002771 4500
001 412429
003 ARRUPE
005 20151021124439.0
008 860204c19561955nyu 000 0 eng
010 _a 56005327
035 _a(OCoLC)1181997
035 _a(OCoLC)ocm01181997
035 _a(CStRLIN)NYCG86-B10769
035 _a(NNC)412429
040 _cNNC
_dNNC
050 _aPR6013.A66
_bA9
100 1 _aGarnett, David,
_d1892-1981.
_920414
245 1 0 _aAspects of love.
250 _a[1st American ed.]
260 _aMiddlesex
_bPenguin Books
_c1959
300 _a137p.;
_c21 cm.
500 _aRare Book copy: From the library of Sophie Kerr.
_5NNC
942 _2lcc
_cMONOGRAPH
948 2 _a20081030
_ba
_cja2037
_dSCMC
999 _c123573
_d123573